Development theory / (Record no. 860)
[ view plain ]
| 000 -LEADER | |
|---|---|
| fixed length control field | 00446nam a22001577a 4500 |
| 008 - FIXED-LENGTH DATA ELEMENTS--GENERAL INFORMATION | |
| fixed length control field | 150520b xxu||||| |||| 00| 0 eng d |
| 020 ## - INTERNATIONAL STANDARD BOOK NUMBER | |
| International Standard Book Number | 0631195556 (pbk.) |
| 080 ## - UNIVERSAL DECIMAL CLASSIFICATION NUMBER | |
| Universal Decimal Classification number | 330.34.01 |
| 100 ## - Rafti | |
| Rafti | Preston, P. W. |
| 245 00 - TITLE STATEMENT | |
| Title | Development theory / |
| 260 ## - | |
| -- | Oxford ; |
| -- | Cambridge, Mass. : |
| -- | Blackwell Publishers, |
| -- | 1996. |
| 300 ## - | |
| -- | 368 f. : |
| -- | 25 cm. |
| 505 ## - | |
| -- | Index: 360-368 |
| 650 #0 - | |
| -- | Zhvillimi ekonomik. |
| 942 ## - ADDED ENTRY ELEMENTS (KOHA) | |
| Source of classification or shelving scheme | |
| Item type | Books |
| Withdrawn status | Lost status | Source of classification or shelving scheme | Damaged status | Not for loan | Collection code | Permanent location | Current location | Shelving location | Date acquired | Total Checkouts | Full call number | Barcode | Date last seen | Price effective from | Koha item type |
|---|---|---|---|---|---|---|---|---|---|---|---|---|---|---|---|
| Koleksioni i përgjithshem | UBT - Lipjan | UBT - Lipjan | Koleksioni i përgjithshem | 05/20/2015 | 330.34.01 DEV | 9780631195559 | 05/20/2015 | 05/20/2015 | Books |